00948nam a2200241 i 4500001000700000003000900007005001700016007000300033008004100036080004200077080003600119100004200155245009400197260003700291300003000328490003100358600005200389700005300441830003900494852003200533999001900565952012200584147413ES-MaACL20250321175000.0t|070928s1978 sp ||||1| spa d a860 Gómez de la Serna, Ramón 1.06 a92 Gómez de la Serna, Ramón1 aUmbral, Francisco,d1932-2007911197110aRamón y las vanguardias / cFrancisco Umbral ; prólogo de Gonzalo Torrente Ballester. aMadrid : bEspasa-Calpe, c1978. a246 p. : bil. ; c18 cm.1 aSelección Austral ; v5014aGómez de la Serna, Ramón,d1888-19639579011 aTorrente Ballester, Gonzalo, d1910-199991108500 aSelección Austral ; v509220927 aES-MaACLjA-10266 bR.99447 c147413d147413 00104070aATENEOMbATENEOMcDEPO1d2008-01-17eSCl0oA-10266p1153836r2023-02-23 00:00:00w2023-02-23yMONOGRAFIA